|
|
|
|
| LEADER |
00000nab a2200000 a 4500 |
| 001 |
vtls000906630 |
| 003 |
SK-MaSNL |
| 005 |
20260303202823.0 |
| 008 |
040720e20010614xo 0 slo |
| 035 |
|
|
|a KE15572
|
| 040 |
|
|
|a KEVKJB
|b slo
|c KEVKJB
|e AACR2
|
| 041 |
0 |
|
|a slo
|
| 044 |
|
|
|a xo
|c SK
|
| 080 |
|
|
|a 797.25
|2 1981
|
| 080 |
|
|
|a 929
|2 1981
|
| 100 |
1 |
|
|a Vrtiš, Ján
|4 aut
|9 877638
|
| 245 |
1 |
0 |
|a Balzam na otcovu dušu
|b Do Budapešti na ME Slováci aj s objavom vodnopólového sveta za minulý rok Jozefom Hrošíkom
|
| 300 |
|
|
|b 1 obr.
|
| 590 |
|
|
|a Hrošík, Jozef
|b bývalý tréner
|
| 600 |
1 |
7 |
|a Hrošík, Jozef
|2 KEVKJB
|9 1234817
|
| 650 |
0 |
7 |
|a vodné pólo
|2 KEVKJB
|9 3219
|
| 650 |
0 |
7 |
|a profily
|2 KEVKJB
|9 28648
|
| 651 |
|
7 |
|a Košice (Slovensko)
|2 KEVKJB
|9 18694
|
| 651 |
|
7 |
|a KE,
|2 KEVKJB
|9 877256
|
| 655 |
|
7 |
|a periodikum
|2 snkbucl
|9 29553
|
| 773 |
0 |
8 |
|t Košický večer
|g Roč. 12
|g Roč. 33, č.114, 14.6.2001, s. 16
|
| 852 |
|
|
|a ZVYKNI
|b KIS3GCP
|
| 999 |
|
|
|c 2182003
|d 2183933
|